000 00569pam a2200193 a 4500
020 _a0340885645
_c10248.50
041 _aeng
_hNULL
082 _a616.014
_bBOR/MUR/FU
100 _aBORRIELLO, S .
245 _aTOPLEY & WILSON : MICROBIOLOGY & MICROBIAL INFECTIONS : BACTERIOLOGY VOL 1 /
_cNULL.
_hTextual Documents
250 _a10 /
_b.
260 _aNULL :
_bHODDER ARNOLD ,
_c2005.
300 _a897 :
_bxxvi ;
_cNULL .
365 _a10248.50
700 _aMURRY, P .
_aFUNKE, G .
930 _a905
999 _c795441
_d795441
650 _aMICROBIOLOGY